| 000 | 00789nam a2200265Ia 4500 | ||
|---|---|---|---|
| 003 | GCL | ||
| 008 | 140319s9999 xx 000 0 ara d | ||
| 040 |
_aGCL / _cGCL |
||
| 082 | 0 | 4 |
_a541.3 _bف ك |
| 100 | 1 | _aعبدالفتاح اسماعيل | |
| 245 | 1 | 0 |
_aالكيمياء فى خدمة الانسان / _cعبدالفتاح اسماعيل |
| 700 | 1 | _aفندلاى، الكسندر | |
| 700 | 1 | _aزكريا فهمى | |
| 300 | _a471 ص | ||
| 490 |
_aالالف كتاب _v0 |
||
| 650 | 0 | 4 | _aالكيمياء |
| 650 | 0 | 4 | _aالكهرباء |
| 650 | 0 | 4 | _aالعلوم |
| 650 | 0 | 4 | _aالطاقة |
| 650 | 0 | 4 | _aالكيمياء الفيزيائية |
| 650 | 0 | 4 | _aالفلزات |
| 650 | 0 | 4 | _aالعقاقير |
| 650 | 0 | 4 | _aالمبيدات الحشرية |
| 942 |
_2ddc _cBK |
||
| 999 |
_c49850 _d49850 |
||